Pediatrics in Review (Registro nro. 1229)
[ vista simple ]
| 000 -LEADER | |
|---|---|
| fixed length control field | 00543nas a22001697a 4500 |
| 008 - CAMPO DE CONTROL RECURSOS CONTINUADOS | |
| fixed length control field | 130307t20009999ag ||||| |||| 00| 0 spa d |
| 022 ## - INTERNATIONAL STANDARD SERIAL NUMBER | |
| International Standard Serial Number | 0327-7534 |
| 245 ## - TITULO | |
| Titulo | Pediatrics in Review |
| 250 ## - MENCION DE EDICION | |
| Edition statement | Edicion en español |
| 260 ## - PUBLICACION, DISTRIBUCION, ETC. (PIE DE IMPRENTA) | |
| Lugar de publicación, distribución, etc | Buenos Aires: |
| Nombre de la editorial, distribuidor, etc. | Asociacion Civil de Investigacion y Desarrollo en Salud, |
| Fecha de publicación | 2000 |
| 300 ## - DESCRIPCION FISICA | |
| Extensión | v. : |
| 546 ## - NOTA DE IDIOMA | |
| Nota de lenguaje | español |
| 590 ## - NOTAS LOCALES (RLIN) | |
| Nota local | Indizada en Latindex |
| 590 ## - NOTAS LOCALES (RLIN) | |
| Nota local | Existencias: 2000 21(1-10); 2001 22(1-10); 2002 23(4)<br/>BAJA DEPOSITO (CAJA 22) MAYO 2019 |
| 650 ## - MATERIA-TERMINO TEMATICO | |
| Término temático | PEDIATRIA |
| 9 (RLIN) | 1741 |
| 942 ## - ADDED ENTRY ELEMENTS (KOHA) | |
| Source of classification or shelving scheme | Dewey Decimal Classification |
| Item type | Continuing Resources |
No hay ítems disponibles.